<?xml version="1.0" encoding="UTF-8"?><?xml-stylesheet type="text/xsl" href="static/style.xsl"?><OAI-PMH xmlns="http://www.openarchives.org/OAI/2.0/" xmlns:xsi="http://www.w3.org/2001/XMLSchema-instance" xsi:schemaLocation="http://www.openarchives.org/OAI/2.0/ http://www.openarchives.org/OAI/2.0/OAI-PMH.xsd"><responseDate>2026-04-17T11:54:52Z</responseDate><request verb="GetRecord" identifier="oai:www.recercat.cat:10459.1/65039" metadataPrefix="marc">https://recercat.cat/oai/request</request><GetRecord><record><header><identifier>oai:recercat.cat:10459.1/65039</identifier><datestamp>2024-12-05T22:30:09Z</datestamp><setSpec>com_2072_3622</setSpec><setSpec>col_2072_479130</setSpec></header><metadata><record xmlns="http://www.loc.gov/MARC21/slim" xmlns:dcterms="http://purl.org/dc/terms/" xmlns:xsi="http://www.w3.org/2001/XMLSchema-instance" xmlns:doc="http://www.lyncode.com/xoai" xsi:schemaLocation="http://www.loc.gov/MARC21/slim http://www.loc.gov/standards/marcxml/schema/MARC21slim.xsd">
   <leader>00925njm 22002777a 4500</leader>
   <datafield ind2=" " ind1=" " tag="042">
      <subfield code="a">dc</subfield>
   </datafield>
   <datafield ind2=" " ind1=" " tag="720">
      <subfield code="a">Sala Rios, Mercè</subfield>
      <subfield code="e">author</subfield>
   </datafield>
   <datafield ind2=" " ind1=" " tag="720">
      <subfield code="a">Farré i Perdiguer, Mariona</subfield>
      <subfield code="e">author</subfield>
   </datafield>
   <datafield ind2=" " ind1=" " tag="720">
      <subfield code="a">Torres Solé, Teresa</subfield>
      <subfield code="e">author</subfield>
   </datafield>
   <datafield ind2=" " ind1=" " tag="260">
      <subfield code="c">2018-11-06T15:12:44Z</subfield>
   </datafield>
   <datafield ind2=" " ind1=" " tag="260">
      <subfield code="c">2018-11-06T15:12:44Z</subfield>
   </datafield>
   <datafield ind2=" " ind1=" " tag="260">
      <subfield code="c">2011</subfield>
   </datafield>
   <datafield ind2=" " ind1=" " tag="260">
      <subfield code="c">2018-11-06T15:12:45Z</subfield>
   </datafield>
   <datafield ind2=" " ind1=" " tag="520">
      <subfield code="a">Este trabajo utiliza datos desagregados territorial y sectorialmente para evaluar la importancia de las fuentes y de las perturbaciones sobre la fluctuación del output industrial de las regiones españolas. Los objetivos del estudio son tres. En primer lugar, conocer las fuentes de las fluctuaciones del output industrial en las regiones españolas. En segundo lugar, evaluar qué porcentaje de la variación total de las innovaciones industriales está correlacionada con shocks industriales o con shocks territoriales.Por último, estudiar el mayor o menor grado de asimetría de los shocks industriales y de los shocks territoriales. Las conclusiones tienden a mostrar que las fuentes de las fluctuaciones cíclicas de la industria española están condicionadas por la localización de las industrias. En cambio, los shocks imprevistos afectan más a las industrias del mismo sector que a las de la misma regió ni los shocks industriales ni los territoriales confieren un grado de simetría significativo a los ciclos regionales de la economía española.</subfield>
   </datafield>
   <datafield ind2=" " ind1=" " tag="520">
      <subfield code="a">This paper uses regional and industrial disaggregated data to assess the importance of sources and disturbances on industrial output fluctuation across Spanish regions. &#xd;
the aims of the study are three. First, identify the sources of industrial output fluctuations across Spanish regions. Second, compute how much of the total variance of industry innovations is explained by country shocks rather than by industry-specific shocks. Finally, analyse the degree of asymmetry of industry and country shocks. &#xd;
the results point to the fact that the sources of cyclical fluctuations in Spanish industry are conditioned by the location of industries. However, shocks affect more industries in the same sector than to those of the same region neither industrial nor territorial shocks confer a significant degree of symmetry to regional cycles of &#xd;
Spanish economy</subfield>
   </datafield>
   <datafield ind1="8" ind2=" " tag="024">
      <subfield code="a">http://hdl.handle.net/10459.1/65039</subfield>
   </datafield>
   <datafield ind2="0" ind1="0" tag="245">
      <subfield code="a">Fluctuaciones cíclicas, shocks y asimetrías. Un análisis desagregado para las regiones e industrias españolas.</subfield>
   </datafield>
   <datafield ind2="0" ind1="0" tag="245">
      <subfield code="a">Cyclic fluctuations, shocks and asymmetries. A disaggregated analysis for spanish regions and industries</subfield>
   </datafield>
</record></metadata></record></GetRecord></OAI-PMH>